000 01332nam a22002657a 4500
008 131025s2005 enk frn 001 0 eng
020 _a0521019281
020 _a9780521019286
040 _aCO-BoUCM
_bspa
_cAngélica Rojas (modificó)
_dAldemar Mondragón
041 0 0 _aeng
100 1 _aProvost, René
_d1965-
_949025
245 1 0 _aInternational human rights and humanitarian law
_cRené Provost
260 _aCambridge (Reino Unido)
_aNew York (Estados Unidos)
_bCambridge University Press
_c2002
_g2005
300 _axlii, 418 páginas
490 0 _aCambridge Studies In International And Comparative Law
505 0 _tRights and procedural capacity. --
_tObligations and responsability. --
_tReciprocity. --
_tFormation. --
_tApplication. --
_tSanction. --
_tApplication : law and facts. --
_tAreas of legal indeterminacy. --
_tLegal effect of characterisation.
650 7 _aDerecho internacional humanitario
_97496
650 7 _aDerechos humanos
_949026
650 7 _aGuerra (Derecho internacional)
_916574
650 7 _aVíctimas de guerra
_xAspectos jurídicos
_949027
690 _945012
_aDerechos humanos
856 4 0 _zPara consultar la tabla de contenido presione aquí.
_uhttp://www.loc.gov/catdir/toc/cam022/2001043248.html
942 _a8
_cLIBRO
_e1
_mP969i
_2DEWEY
_h341.481
999 _c166731
_d166731